Quizz sur la Mythologie. Niveau IMPOSSIBLE - Statistiques

Statistiques générales
  • Ce quiz a été pris 127 fois
  • Le résultat moyen est 2 sur 10
Statistiques - réponses
Question Réponse % Correct
Quel dieu, représenté avec une tête de chacal, est respecté pour son rôle dans les pratiques funéraires ? Anubis
88%
Quel batelier joue un rôle crucial pour les âmes voyageant vers le monde souterrain ? Charon
61%
Quel titan a trahi sa race pour recevoir le châtiment des dieux, devenant une figure redoutée des enfers ? Cronos
35%
Quel nom est attribué à la première femme d'une célèbre légende qui est souvent associée à un objet enchanté ? Pandore
34%
Quel héros a entrepris un voyage mémorable vers le royaume des morts dans une célèbre épopée ? Énée
12%
Quel symbole de la guerre est associé à une figure celtique puissante ? Morrigan
2%
Quelle déesse vénérée dans l'hindouisme est considérée comme de promouvoir le savoir et la bonne fortune ? Saraswati
1%
Quelle déesse est liée aux sorcières dans les croyances gauloises ? Arduinna
0%
Qui est le héros d'un mythe finlandais qui s’oppose aux dieux pour préserver l’ordre du monde ? Väinämöinen
0%
Quel esprit créateur des mythes amérindiens est susceptible d'être décrit avec puissance et sagesse ? Wakan Tanka
0%
Aucun quiz correspondant
Distribution des résultats
% des personnes avec chaque résultat
Percentile par nombre de réponses
Votre historique - résultats
Vous n’avez pas pris ce quiz